000 00648nam a2200277Ia 4500
005 20260324145347.0
008 008 260324s9999 xx 000 0 eng d
020 _a9780429312304
037 _aEBOOK
040 _aCRL
040 _beng
040 _cCRL
041 _2eng
041 _aeng
084 _qCRL
100 _aCharles A Goodrum; Helen W Dalrymple
_91222684
245 4 _aThe Library Of Congress
260 _bTaylor and Francis
260 _c1983
365 _a
365 _b220
856 _uhttp://www.taylorfrancis.com/books/9780429312304
942 _cEBOOK
999 _c1830485
_d1830485